7 Wonders of the world - Statistics

General Stats
  • This quiz has been taken 525 times
  • The average score is 5 of 7
Answer Stats
Location Answer % Correct
Agra, India Taj Mahal
85%
Beijing, China Great Wall of China
82%
Rome The Colosseum
79%
Peru Machu Pichu
60%
Jordan Petra
60%
Brazil Christ the Redeemer Statue
53%
Cancun, Mexico Chichen Itza
34%
No matching quizzes found
Score Distribution
Percent of People with Each Score
Percentile by Number Answered
Your Score History
You have not taken this quiz